Folklore of four nomadic communities in Andhra pradesh (Record no. 14239)

MARC details
000 -LEADER
fixed length control field 00293nam a2200121Ia 4500
082 ## - DEWEY DECIMAL CLASSIFICATION NUMBER
Classification number RE.0010
100 ## - MAIN ENTRY--AUTHOR NAME
Personal name Eswaraiah, G.
245 #0 - TITLE STATEMENT
Title Folklore of four nomadic communities in Andhra pradesh
260 ## - PUBLICATION, DISTRIBUTION, ETC. (IMPRINT)
Year of publication 1992
300 ## - PHYSICAL DESCRIPTION
Number of Pages 200
942 ## - ADDED ENTRY ELEMENTS (KOHA)
Koha item type Books
Holdings
Withdrawn status Lost status Damaged status Not for loan Home library Current library Date acquired Bill Date Full call number Accession Number Price effective from Koha item type
        NASSDOC Library NASSDOC Library 08/10/2004 2008-12-30 RE.0010 32261 18/04/2019 Books